Entry Personal Name
Number of records used in: 1
001 - CONTROL NUMBER
003 - CONTROL NUMBER IDENTIFIER
005 - DATE AND TIME OF LATEST TRANSACTION
- control field:
20220919103426.0
008 - FIXED-LENGTH DATA ELEMENTS
- fixed length control field:
811208n| azannaabn |n aaa
010 ## - LIBRARY OF CONGRESS CONTROL NUMBER
- LC control number:
n 81141296
035 ## - SYSTEM CONTROL NUMBER
- System control number:
(OCoLC)oca00686104
040 ## - CATALOGING SOURCE
- Original cataloging agency:
DLC
- Language of cataloging:
eng
- Description conventions:
rda
- Transcribing agency:
DLC
- Modifying agency:
DLC
- Modifying agency:
OkS
046 ## - SPECIAL CODED DATES
100 1# - HEADING--PERSONAL NAME
- Personal name:
Camp, William G.
372 ## - FIELD OF ACTIVITY
- Field of activity:
agricultural education
- Source of term:
lcsh
373 ## - ASSOCIATED GROUP
- Associated group:
Virginia Technical University
- Associated group:
Purdue University
374 ## - OCCUPATION
- Occupation:
college teachers
- Source of term:
lcsh
670 ## - SOURCE DATA FOUND
- Source citation:
Richardson, W.B. Managing the farm and ranch, c1982 (a.e.)
- Information found:
CIP t.p. (William G. Camp; Va. Tech)
670 ## - SOURCE DATA FOUND
- Source citation:
His Managing our natural resources, c1988:
- Information found:
CIP t.p. (William G. Camp) data sheet (b. 10/20/46)
670 ## - SOURCE DATA FOUND
- Source citation:
Student discipline as viewed by administrations, vocation teachers and non-vocational teachers, 1979?:
- Information found:
t.p. (William G. Camp, Ph.D ; Purdue University)